Deadpool & Wolverine Quiz (SPOILERS) - Statistics

General Stats
  • This quiz has been taken 252 times
    29 since last reset
  • The average score is 18 of 38
Answer Stats
Actor Role % Correct
Ryan Reynolds Wade Wilson/Deadpool
100%
Hugh Jackman Logan/Wolverine
95%
Henry Cavill The Cavillrine
91%
Chris Evans Johnny Storm/Human Torch
86%
Emma Corrin Cassandra Nova
82%
Wesley Snipes Blade
77%
Channing Tatum Gambit
77%
Jennifer Garner Elektra
73%
Dafne Keen Laura/X-23
68%
Ryan "Gordon" Reynolds Nicepool
64%
Peggy the Dog Mary Puppins/Dogpool
59%
Morena Baccarin Vanessa
59%
Blake Lively Ladypool
55%
Aaron Stanford Pyro
55%
Jon Favreau Happy Hogan
50%
Aaron W. Reed Juggernaut
50%
Olin Reynolds Babypool
45%
Leslie Uggams Blind Al
45%
Stefan Kapicic Colossus
45%
Inez Reynolds Kidpool
45%
Matthew Macfadyen Mr. Paradox
45%
Tyler Mane Victor Creed/Sabretooth
45%
Brianna Hildebrand Negasonic Teenage Warhead
41%
Rob Delaney Peter
41%
Matthew McConaughey Cowboypool
36%
Daniel Medina Ramos Toad
36%
Shioli Kutsuna Yukio
36%
Eduardo Gago Muñoz Azazel
32%
Karan Soni Dopinder
32%
Nathan Fillion Headpool
32%
Ayesha Hussein Psylocke
27%
Lewis Tan Shatterstar
23%
Wunmi Mosaku Hunter B-15
18%
Jade Lye Lady Deathstrike
14%
Randal Reeder Buck
9%
Leemore Marrett Jr. Minuteman Leader
9%
James Dryden TVA Tech
9%
Leemore Marrett Jr. Minutemen Leader
0%
No matching quizzes found
Score Distribution
Percent of People with Each Score
Percentile by Number Answered
Your Score History
You have not taken this quiz since the last reset